000
00274nam a2200109Ia 4500
001
588817
005
20250717120838.0
008
250717s9999 xx 000 0 und d
245
0
_a
V-15 DOĞAYI KORUYORUM
_c
SAVAŞ ÖZDEMİR
260
_b
TİMAŞ YAYINLARI
_c
2016
300
_b
64
999
_c
588817
_d
588817